O ensino da anatomia na Escola Medico-Cirurgica de Lisboa / (Record no. 165230)

MARC details
000 -LEADER
campo de control de longitud fija 00818nam a22001935i 4500
001 - NÚMERO DE CONTROL
campo de control 165230
003 - IDENTIFICADOR DE NÚMERO DE CONTROL
campo de control ES-MaACL
005 - FECHA Y HORA DE LA ÚLTIMA TRANSACCIÓN
campo de control 20230906213106.0
008 - DATOS DE LONGITUD FIJA--INFORMACIÓN GENERAL
campo de control de longitud fija 050818s1892 po | |||||||| ||por d
040 ## - FUENTE DE CATALOGACIÓN
Centro catalogador/agencia de origen CAM
Lengua de catalogación spa
Centro/agencia transcriptor CAM
100 1# - ENTRADA PRINCIPAL--NOMBRE DE PERSONA
Nombre de persona Serrano, José Antonio.
9 (RLIN) 132674
245 12 - MENCIÓN DEL TÍTULO
Título O ensino da anatomia na Escola Medico-Cirurgica de Lisboa /
Mención de responsabilidad, etc. por J.A. Serrano.
260 ## - PUBLICACIÓN, DISTRIBUCIÓN, ETC.
Lugar de publicación, distribución, etc. Coimbra :
Nombre del editor, distribuidor, etc. Imprensa da Universidade,
Fecha de publicación, distribución, etc. 1892.
300 ## - DESCRIPCIÓN FÍSICA
Extensión 25 p. ;
Dimensiones 24 cm.
594 ## - Nota al título y mención de responsabilidad
Nota al título y mención de responsabilidad Precede al tit.: Congresso Pedagogico Hispano-Portuguez-Americano, Secção Portugueza.
610 24 - PUNTO DE ACCESO ADICIONAL DE MATERIA--NOMBRE DE ENTIDAD CORPORATIVA
Nombre de entidad corporativa o nombre de jurisdicción como elemento de entrada Escola Medico-Cirurgica de Lisboa.
9 (RLIN) 134354
611 2# - PUNTO DE ACCESO ADICIONAL DE MATERIA--NOMBRE DE REUNIÓN/CONGRESO
Nombre de congreso/reunión o jurisdicción como elemento de entrada Congresso Pedagogico Hispano-Portuguez-Americano.
Fecha del congreso o de la firma del tratado 1892.
Sede del congreso/Lugar de la reunión Lisboa.)
9 (RLIN) 135108
852 ## - LOCALIZACIÓN
Ubicación ES-MaACL
Número de control de estantería T-1120-F-16
Nota libre -- Enc. hol. conservando la cub. original
-- -- Enc. en un vol. facticio
Holdings
Estatus retirado Estado de pérdida Estado de daño No para préstamo Colección Biblioteca de origen Biblioteca actual Ubicación en estantería Fecha de adquisición Total de préstamos Signatura topográfica completa Código de barras Visto por última vez Precio de reemplazo Tipo de ítem Koha
        Colección de folletos Biblioteca del Ateneo de Madrid Biblioteca del Ateneo de Madrid Depósito folletos 17/01/2008   T-1120-F-16 1173260 23/02/2023 23/02/2023 Folleto